| 000 | 00600nam a2200217 a 4500 | ||
|---|---|---|---|
| 001 | 84761 | ||
| 003 | BD-RjUL | ||
| 005 | 20250309113010.0 | ||
| 008 | 250309s1952 pk ||||| |||| 00| 0 eng d | ||
| 035 | _a(BD-RjUL)84761 | ||
| 040 |
_aBD-RjUL _beng _cBD-RjUL |
||
| 041 | _aeng | ||
| 082 |
_223 _a953.02092 _bNUO 1952 |
||
| 100 |
_aNumani, Muhammad Shibli _915155 |
||
| 245 |
_aOmar the Great / _cMuhammad Shibli Numani |
||
| 250 | _a3rd ed. | ||
| 260 |
_aLahore : _b M. Ashraf, _c1952 |
||
| 300 |
_a295 p.; _c21 cm. |
||
| 600 |
_aʻUmar ibn al-Khaṭṭāb, Caliph, _d-644 _915156 |
||
| 942 |
_2ddc _cBK |
||
| 999 |
_c84761 _d84761 |
||